Adivina al jugador por sus apodos - Estadísticas

Estadísticas generales
  • Esta prueba ha sido intentada 227 veces
  • La puntuación promedio es 8 de 16
Estadísticas de respuestas
Apodos Respuestas % Correcto
El Bicho Cristiano Ronaldo
99%
La Pulga Lionel Messi
98%
Zizou Zinedine Zidane
92%
El Pistolero Luis Suárez
84%
Araña Negra Lev Yashin
58%
La Perla Negra Pelé
47%
La Saeta Rubia Alfredo Di Stéfano
44%
Hurricane Harry Kane
41%
El Último 10 Riquelme
41%
El Pelé Blanco Zico
36%
El Tulipán de Oro Johan Cruyff
30%
El Divino Roberto Baggio
26%
O Baixinho Romário
26%
Francotirador Toni Kroos
20%
Bambino d'Oro Paolo Rossi
15%
Captain Fantastic Steven Gerrard
14%
No se encontraron pruebas coincidentes
Distribución de puntuación
Porcentaje de gente con cada puntuación
Porcentaje por número respondido
Historial de tus puntuaciones
No has intentado esta prueba.